Capitales par distance - Statistiques

Statistiques générales
  • Ce quiz a été pris 32 fois
  • Le résultat moyen est 6 sur 10
Statistiques - réponses
Question Réponse % Correct
Rio de Janeiro (Brésil) et Buenos Aires (Argentine) Moins de 2000km
86%
Pyongyang (Corée du Nord) et Séoul (Corée du Sud) Moins de 200km
86%
Brazzaville (Congo) et Kinshasa (RDC) Moins de 20km
86%
Bangkok (Thaïlande) et Phnom Penh (Cambodge) Plus de 500km
86%
Madrid (Espagne) et Lisbonne (Portugal) Moins de 510km
71%
Tokyo (Japon) et Pékin (Chine) Plus de 2000km
57%
Paris (France) et Bruxelles (Belgique) Plus de 250km
57%
Milan (Italie) et Berne (Suisse) Moins de 200km
43%
Saint Marin et Vatican Plus de 220km
43%
Moscou (Russie) et Londres (Royaume-Unis) Moins de 3000km
0%
Aucun quiz correspondant
Distribution des résultats
% des personnes avec chaque résultat
Percentile par nombre de réponses
Votre historique - résultats
Vous n’avez pas pris ce quiz